| 000 | 00478nam a2200181Ia 4500 | ||
|---|---|---|---|
| 001 | 13177 | ||
| 005 | 20260306163034.0 | ||
| 008 | 260306t2008||||xx |||||||||||||| ||spa|| | ||
| 041 | _aESP | ||
| 082 |
_a001.42 _bA42 |
||
| 100 |
_aAlía Miranda, Francisco _eAUT |
||
| 245 | 0 |
_aTécnicas de investigación para historiadores: _blas fuentes de la historia |
|
| 260 | _c2008 | ||
| 300 |
_a461 páginas : _c23 cm. |
||
| 650 | _aGEN | ||
| 654 | _aCHU | ||
| 942 |
_cLIB _dJUS _fJUS _2ddc _n |
||
| 999 |
_c13177 _d13177 |
||